El manantial / (Record no. 124003)

MARC details
000 -LEADER
campo de control de longitud fija 00454nam a2200157 4500
001 - NÚMERO DE CONTROL
campo de control 124003
003 - IDENTIFICADOR DE NÚMERO DE CONTROL
campo de control ES-MaACL
007 - CAMPO FIJO DE DESCRIPCIÓN FÍSICA--INFORMACIÓN GENERAL
campo de control de longitud fija t|
008 - DATOS DE LONGITUD FIJA--INFORMACIÓN GENERAL
campo de control de longitud fija 070214s1948 ag r ||||1| spa d
100 1# - ENTRADA PRINCIPAL--NOMBRE DE PERSONA
Nombre de persona Rand, Ayn.
9 (RLIN) 95399
245 13 - MENCIÓN DEL TÍTULO
Título El manantial /
Mención de responsabilidad, etc. Ayn Rand ; traducción del inglés por Luis de Paola.
260 ## - PUBLICACIÓN, DISTRIBUCIÓN, ETC.
Lugar de publicación, distribución, etc. Buenos Aires :
Nombre del editor, distribuidor, etc. Argonauta,
Fecha de publicación, distribución, etc. 1948.
300 ## - DESCRIPCIÓN FÍSICA
Extensión 518 p. ;
Dimensiones 23 cm.
700 1# - ENTRADA AGREGADA--NOMBRE PERSONAL
Nombre de persona Paola, Luis de.
9 (RLIN) 88839
852 ## - LOCALIZACIÓN
Ubicación ES-MaACL
Número de control de estantería B-2294
Sublocalización o colección R.27381
Holdings
Estatus retirado Estado de pérdida Estado de daño No para préstamo Biblioteca de origen Biblioteca actual Ubicación en estantería Fecha de adquisición Fuente de adquisición Total de préstamos Signatura topográfica completa Código de barras Visto por última vez Precio de reemplazo Tipo de ítem Koha
        Biblioteca del Ateneo de Madrid Biblioteca del Ateneo de Madrid Sala Pardo Bazán 17/01/2008     B-2294 1129191 23/02/2023 23/02/2023 Libro impreso